000 01363nam a22002657a 4500
003 PE SENCICO BE
005 20251020182709.0
008 241204b |||||||| |||| 00| 0 eng d
020 _a978-958-867-500-8
040 _aPE SENCICO BE
_cPE SENCICO BE
041 _aspa
082 _a658.5
_bG71
100 1 _92739
_aGonzález Riesco, Monserrat
_eautor
245 1 _aGestión de la producción :
_bcomo planificar y controlar la producción industrial /
_cMonserrat González Riesco
250 _a[1a ed.]
260 _aBogotá :
_bEdiciones de la U ;
_c2010
300 _a150 p. :
_bgraf. ;
_c24 cm.
440 _92740
_aIndustrial
505 0 _aPlanificación agregada y programación de la producción: El sistema de planificación de la producción -- El plan de producción: piedra angular del éxito -- La programación maestra: el compromiso entre el mercado y la empresa -- Planificación de materiales y recursos -- La planificación de la capacidad: los recursos necesarios para relatar el programa maestro de la producción -- Gestión de la capacidad -- El procesos de la planificación de la capacidad -- El control de la actividad de planta.
650 1 0 _92729
_aAdministración de la producción
650 2 0 _91316
_aOrganización industrial
650 2 0 _92556
_aProductividad industrial
910 _ahfp
_bhfp
_chfp
942 _2ddc
_cLIB
999 _c5014
_d5014